| 000 | 01316nac a22003731u 4500 | ||
|---|---|---|---|
| 003 | EG-ScBUE | ||
| 005 | 20220626125102.0 | ||
| 006 | m||||fq||h 00| 0 | ||
| 008 | 080806m20032004nyua f 000 0 eng d | ||
| 020 | _a9780194384513 (Student Book with CD pack) | ||
| 020 | _a9780194384551 (CD pack) | ||
| 020 | _a9780194384513 (CD-ROM) | ||
| 020 | _a9780194384599 (Student Book without CD) | ||
| 040 |
_aEG-ScBUE _beng _erda _cEG-ScBUE _dEG-ScBUE |
||
| 082 | 0 | 4 |
_a428.34 _bRIC _222 |
| 100 | 1 |
_aRichards, Jack C, _d1943- _eauthor. |
|
| 245 | 1 | 0 |
_aTactics for listening / _cJack C. Richards. |
| 250 | _aSecond edition. | ||
| 264 | 1 |
_aNew York ; _aOxford : _bOxford University Press, _c[2003-2004] |
|
| 300 |
_a3 volumes : _billustrations ; _c28 cm + _e1 CD |
||
| 336 |
_2rdacontent _atext _btxt |
||
| 336 |
_2rdacontent _aspoken word _bspw |
||
| 337 |
_2rdamedia _aunmediated _bn |
||
| 337 |
_2rdamedia _aaudio _bs |
||
| 338 |
_2rdacarrier _avolume _bnc |
||
| 338 |
_2rdacarrier _acomputer disc _bcd |
||
| 505 | 0 | _aBasic -- Expanding -- Developing. | |
| 590 | _areham | ||
| 650 | 7 |
_aEnglish language _vTextbooks for foreign speakers. _2BUEsh |
|
| 650 | 7 |
_aListening _vProblems, exercises, etc. _2BUEsh _926310 |
|
| 653 |
_bHHUUEENN _cDecember2019 |
||
| 655 |
_vReading book _934232 |
||
| 942 |
_cBB _k428.34RIC _2ddc |
||
| 999 |
_c9149 _d9149 |
||